Perfiles de diámetro de fibra en lanas preparto de ovejas merino /

Guardado en:
Otros Autores: Sacchero, Diego Mariano. (Disertante), Mueller, Joaquín. (Orientador)
Formato: Manuscrito
Idioma:Spanish
Publicado: 2012.
Materias:
Acceso en línea:Texto completo
Etiquetas: Agregar Etiqueta
Sin Etiquetas, Sea el primero en etiquetar este registro!
LEADER 01207ntm a22003015a 4500
001 EEA.libagro010347
008 150218s2012####ag#######bm###000#0#spa#d
005 20210921201935.0
245 1 0 |a Perfiles de diámetro de fibra en lanas preparto de ovejas merino /  |c Diego Mariano Sacchero. 
260 |c 2012. 
300 |a xxii, 85 p. :  |b il. col. ;  |c 30 cm. 
500 |a "Tesis de Magíster en Ciencias Agrarias". 
500 |a Título tomado de la cubierta. 
500 |a Director de tesis: Joaquín Mueller. 
502 |a Tesis (magíster)--Universidad Nacional del Sur. Departamento de Agronomía, 2012. 
504 |a Incluye referencias bibliográficas. 
530 |a Disponible además en formato digital 
100 1 |a Sacchero, Diego Mariano.  |4 dis 
700 1 |a Mueller, Joaquín.  |4 ths 
710 2 |a Universidad Nacional del Sur.  |b Departamento de Agronomía  |4 dgg. 
082 0 4 |a 040  |2 15 
082 0 4 |a 636.3  |2 15 
650 7 |a Agronomía.  |2 unbist 
650 7 |a Ovejas.  |2 unbist 
650 7 |a Lana.  |2 unbist 
650 7 |a Fibras naturales.  |2 unbist 
856 4 1 |3 Texto completo  |u http://repositoriodigital.uns.edu.ar/handle/123456789/549 
859 |a AR-BbBCA  |b BIB. AGRONOMIA  |h 040  |i B148 2012-1198sac  |p 124863/015